书目信息 |
| 题名: |
二十世纪中国戏曲改革理论研究
|
|
| 作者: | 郭玉琼 著 | |
| 分册: | ||
| 出版信息: | 北京 中国书籍出版社 2019 |
|
| 页数: | 212页 | |
| 开本: | 25cm | |
| 丛书名: | ||
| 单 册: | ||
| 中图分类: | J892.0 , J8 | |
| 科图分类: | ||
| 主题词: | 戏曲改革--研究--中国--20世纪 , 戏剧--艺术 , 戏剧 | |
| 电子资源: | ||
| ISBN: | 978-7-5068-7287-4 | |
| 000 | 01316cam0 2200265 450 | |
| 001 | 2336350590 | |
| 005 | 20231010100607.25 | |
| 010 | @a978-7-5068-7287-4@dCNY59.00 | |
| 100 | @a20200408d2019 em y0chiy50 ea | |
| 101 | 0 | @achi |
| 102 | @aCN@b110000 | |
| 105 | @ay z 000yy | |
| 200 | 1 | @a二十世纪中国戏曲改革理论研究@Aer shi shi ji zhong guo xi qu gai ge li lun yan jiu@f郭玉琼著 |
| 210 | @a北京@c中国书籍出版社@d2019 | |
| 215 | @a212页@d25cm | |
| 300 | @a教育部人文社会科学研究青年项目“20世纪中国戏曲改革理论研究”最终成果 项目批准号:13YJC760022 | |
| 330 | @a本书主要内容包括:导论概述20世纪中国戏曲改革与社会变迁及戏曲危机之间的密切关系,确认研究基本思路;一章研究晚清启蒙新民语境中的戏曲认识论和戏曲改良主张,同时分析戏曲改良思想的资源;第二章关注20世纪二三十年代国剧运动、新国剧运动的理论主张和梅兰芳京剧“雅化”改革关涉的观念及论争;第三章论述抗战时期戏曲改革理论,主要包括延安戏曲改革理论和桂林桂剧改革理论;第四章论述新中国建立中华人民共和国成立后“十七年”的戏曲改革理论;第五章论述新时期戏曲改革理论探讨,戏曲界在探究戏曲危机原因的同时探索戏曲振兴道路,并投身戏曲振兴实践。 | |
| 606 | 0 | @a戏曲改革@x研究@y中国@z20世纪 |
| 606 | 0 | @a戏剧@x艺术 |
| 606 | 0 | @a戏剧 |
| 690 | @aJ892.0@v5 | |
| 690 | @aJ8@v4 | |
| 701 | 0 | @a郭玉琼@Aguo yu qiong@4著 |
| 801 | 0 | @aCN@b安徽时代@c20230923 |
| 905 | @aBZT@dJ8@e4 | |
| 二十世纪中国戏曲改革理论研究/郭玉琼著.-北京:中国书籍出版社,2019 |
| 212页;25cm |
| 教育部人文社会科学研究青年项目“20世纪中国戏曲改革理论研究”最终成果 项目批准号:13YJC760022 |
| ISBN 978-7-5068-7287-4:CNY59.00 |
| 本书主要内容包括:导论概述20世纪中国戏曲改革与社会变迁及戏曲危机之间的密切关系,确认研究基本思路;一章研究晚清启蒙新民语境中的戏曲认识论和戏曲改良主张,同时分析戏曲改良思想的资源;第二章关注20世纪二三十年代国剧运动、新国剧运动的理论主张和梅兰芳京剧“雅化”改革关涉的观念及论争;第三章论述抗战时期戏曲改革理论,主要包括延安戏曲改革理论和桂林桂剧改革理论;第四章论述新中国建立中华人民共和国成立后“十七年”的戏曲改革理论;第五章论述新时期戏曲改革理论探讨,戏曲界在探究戏曲危机原因的同时探索戏曲振兴道路,并投身戏曲振兴实践。 |
| ● |
| 相关链接 |
|
|
|
正题名:二十世纪中国戏曲改革理论研究
索取号:J8/4
 
预约/预借
| 序号 | 登录号 | 条形码 | 馆藏地/架位号 | 状态 | 备注 |
| 1 | 2000937342 | 2000937342 | 第四书库/四35架A面4层3列/ [索取号:J8/4] | 在馆 | |
| 2 | 2000937343 | 2000937343 | 第四书库/四35架A面4层3列/ [索取号:J8/4] | 在馆 | |
| 3 | 2000937344 | 2000937344 | 第四书库/四35架A面4层3列/ [索取号:J8/4] | 在馆 | |
| 4 | 2000937345 | 2000937345 | 第四书库/四35架A面4层3列/ [索取号:J8/4] | 在馆 | |
| 5 | 2000937346 | 2000937346 | 第四书库/四35架A面4层3列/ [索取号:J8/4] | 在馆 | |
| 6 | 2000937347 | 2000937347 | 第四书库/四35架A面4层3列/ [索取号:J8/4] | 在馆 |